• 首页
  • 本馆介绍
  • 公告通知
  • 最新文献
  • 馆藏检索
  • 电子资源
  • 读者导购
  • 参考咨询
  • 我的图书馆
  • 登录
  • 详细信息显示
  • 放入我的书架
  • 预约/预借图书
  • 作者相关作品
  • 分类相关作品
  • 丛书相关作品
  • 出版社相关作品

书目信息

  • 表格格式
  • 工作单格式
  • 卡片格式
题名:
保护区可持续旅游
    
 
作者: Haynes, , Eagles, , McCool, 著 ;吴永波 , 王智 , 刘燕 译
分册:  
出版信息: 北京   中国环境科学出版社  2005
页数: 12,219页
开本: 21cm
丛书名: IUCN保护区最佳实践指南丛书
单 册:
中图分类: F590.1
科图分类:
主题词: 自然保护区--旅游规划 , 自然保护区--旅游经济--经济管理
电子资源:
ISBN: 7-80209-100-4
000 01930nam0 2200457 450
000 01893nam0 2200445 450
000 01876nam0 2200445 450
000 01822nam0 2200421 450
000 01785nam0 2200409 450
000 01754nam0 2200409 450
000 01700nam0 2200385 450
000 01718nam0 2200373 450
000 01681nam0 2200361 45
001 06303000259
005 20070804093637.57
010    @a7-80209-100-4@dCNY12.00(全套定价:72.00)
100    @a20060829d2005 em y0chiy0110 ea
101 1  @achi@ceng
102    @aCN@b110000
105    @aa z 000yy
200 1  @a保护区可持续旅游@ABao Hu Qu Ke Chi Xu Lu^ You@dSustainable Tourism in Protected Areas Guidelines for Planning and Management@e规划与管理指南@EGui Hua Yu Guan Li Zhi Nan@f(澳) Paul F. J. Eagles,Stephen F.McCool,Christopher D.Haynes著@F( Ao ) Paul F. J. Eagles,Stephen F.McCool,Christopher D.Haynes Zhu@g王智,刘燕,吴永波译@zeng
210    @a北京@c中国环境科学出版社@d2005
215    @a12,219页@c照片@d21cm
225 2  @aIUCN保护区最佳实践指南丛书
330    @a本书包括保护区旅游、保护区对旅游挑战的管理、游客管理方法、旅游对保护区的经济意义、发展保护区旅游的资金问题等内容。
410  0 @12001 @aIUCN保护区最佳实践指南丛书
510 1  @aSustainable Tourism in Protected Areas Guidelines for Planning and Management@zeng
517 1  @a规划与管理指南@AGui Hua Yu Guan Li Zhi Nan
606 0  @a自然保护区@x旅游规划
606 0  @a自然保护区@x旅游经济@x经济管理
690    @aF590.1@v4
701 A1 @aHaynes,@bChristopher D.@4著
701 A1 @aEagles,@bPaul F. J.@4著
701 A1 @aMcCool,@bStephen F.@4著
702  0 @a吴永波@AWu Yong Bo@4译
702  0 @a王智@AWang Zhi@c(翻译)@4译
702  0 @a刘燕@ALiu Yan@4译
801  0 @aCN@b中图数据@c20070804
905    @a10447@dF590.1@e115
    
    保护区可持续旅游=Sustainable Tourism in Protected Areas Guidelines for Planning and Management:规划与管理指南/(澳) Paul F. J. Eagles,Stephen F.McCool,Christopher D.Haynes著/王智,刘燕,吴永波译.-北京:中国环境科学出版社,2005
    12,219页:照片;21cm.-(IUCN保护区最佳实践指南丛书)
    
    
    ISBN 7-80209-100-4:CNY12.00(全套定价:72.00)
    本书包括保护区旅游、保护区对旅游挑战的管理、游客管理方法、旅游对保护区的经济意义、发展保护区旅游的资金问题等内容。
●
相关链接 在E读中查询图书 在五车中查询图书 在当当中查询图书 在豆瓣中查询图书


正题名:保护区可持续旅游     索取号:F590.1/115         预约/预借

序号 登录号 条形码 馆藏地/架位号 状态 备注
1 0608610   206086108   第一样本阅览室/ [索取号:F590.1/115] 在馆    
2 0608611   206086117   第一借阅区/ [索取号:F590.1/115] 在馆    
3 0608612   206086126   第一借阅区/ [索取号:F590.1/115] 在馆    
4 0608613   206086135   密集书库/ [索取号:F590.1/115] 在馆    
5 0608614   206086144   密集书库/ [索取号:F590.1/115] 在馆    
6 0807849   208078499   第一借阅区/ [索取号:F590.1/115] 在馆    
7 0807850   208078505   第一借阅区/ [索取号:F590.1/115] 在馆    
唐山师范学院图书馆 欢迎您!
大连网信软件有限公司© 版权所有